| 000 | 00404nam a2200145Ia 4500 | ||
|---|---|---|---|
| 999 |
_c15806 _d15806 |
||
| 082 | _aTT.0003 | ||
| 100 | _aThuwal, Yashodhar | ||
| 245 | 0 | _aIntegrated area development of Tahsil Ranikhet | |
| 260 |
_c1983 _bKumaun University |
||
| 300 | _a232p. | ||
| 650 | _aREGIONAL PLANNING - UTTAR PRADESH - RANIKHET | ||
| 650 | _aRANIKHET - ECONOMIC CONDITIONS | ||
| 710 | _aJalal, Dhan Singh | ||
| 942 |
_cTH _2ddc |
||